000 01219nam a2200373 i 4500
001 32974
003 KOSZ 005
005 20191021123210.0
008 980313s1998 pl |001 0 pol
015 _aPB 1998/2526
020 _a8390731827
040 _aWA N
_cWA N
_dKOSZ 005/HR
046 _k1998
080 _a336.221.24(438)
100 1 _aMastalski, Ryszard
_d(1940- ).
_eAutor
245 1 0 _aOrdynacja podatkowa :
_bkomentarz /
_cRyszard Mastalski, Janusz Zubrzycki.
260 _aWrocław :
_b"Unimex",
_c1998.
300 _a364 s. ;
_c24 cm.
336 _2rdacontent
_aTekst
_btxt
337 _2rdamedia
_aBez urządzenia pośredniczącego
_bn
338 _2rdacarrier
_aWolumin
_bnc
380 _aKsiążki
380 _aPublikacje fachowe
388 _a2001-
504 _aIndeks.
658 _aGospodarka, ekonomia, finanse
658 _aPrawo i wymiar sprawiedliwości
651 4 _aPolska
650 4 _aPrawo podatkowe
710 2 _aOficyna Wydawnicza Unimex, Renata Zubrzycka.
_4pbl.
700 1 _aZubrzycki, Janusz
_eAutor
856 _uhttp://koha.tu.koszalin.pl/cgi-bin/koha/opac-detail.pl?biblionumber=32974
_yKatalog online BPK
942 _2UKD
_cKS
999 _c32974
_d32974